000 00431nam a22001697a 4500
003 CEME
005 20210628203219.0
008 210301b xxu||||| |||| 00| 0 eng d
040 _c.
082 _a628.4 HAZ
100 _aMalloy, B.C, Conway,R.A
_964017
245 _aHazardous solid waste testing, first conference
260 _aUSA
_bASTM
_c1981
300 _a387P
650 _aSOLID WASTE TESTING
_964018
942 _cBK
_2ddc
999 _c572669
_d572669